| 000 | 00608nam a2200157Ia 4500 | ||
|---|---|---|---|
| 005 | 20251020182614.0 | ||
| 008 | 200515s9999 xx 000 0 und d | ||
| 082 | _aSC/69:338.5:512.1/P45 | ||
| 245 | 0 | _aManual de fórmulas polinómicas | |
| 260 | _aLima | ||
| 260 | _c1980 | ||
| 300 | _a149 | ||
| 520 | _aContiene el título del Decreto Ley No. 21825 y demás normas reglamentarias y complementarias debidamente actualizadas, así como los índices unificados de precios de los elementos que determinan el costo de las obras, hasta el mes de Julio de 1980 | ||
| 650 | _aFORMULAS POLINOMICAS | ||
| 942 | _cLIB | ||
| 999 |
_c3432 _d3432 |
||